[Event "56th World U20 ch"]
[Site "Tarvisio ITA"]
[Date "2017.11.25"]
[Round "11.57"]
[White "Silva, David"]
[Black "Heinechen, Juan"]
[Result "1-0"]
[WhiteElo "2285"]
[BlackElo "2101"]
[EventDate "2017.11.13"]
[PlyCount "67"]

1.e4 c5 2.Nf3 d6 3.d4 cxd4 4.Nxd4 Nf6 5.Nc3 g6 6.g3 Nc6 7.Nde2 Bd7 8.Bg2 
Qc8 9.h3 Bg7 10.g4 O-O 11.O-O Rb8 12.Bg5 Re8 13.Qd2 b5 14.Nd5 Nxd5 15.exd5
Ne5 16.b3 f5 17.Nd4 fxg4 18.hxg4 Nxg4 19.Rae1 Be5 20.Nc6 Bxc6 21.dxc6 b4 
22.f4 Bf6 23.Bd5+ Kg7 24.Be6 Qxc6 25.Bxg4 Bc3 26.Qd3 Qc5+ 27.Kg2 Bxe1 28.
Rxe1 e5 29.fxe5 Rxe5 30.Rxe5 Qxe5 31.Be3 Kg8 32.Bf3 a5 33.Qc4+ d5 34.Bxd5+
1-0

[Event "56th World U20 ch"]
[Site "Tarvisio ITA"]
[Date "2017.11.25"]
[Round "11.58"]
[White "Bischofberger, Dario"]
[Black "Tahay, Alexis"]
[Result "1/2-1/2"]
[WhiteElo "2108"]
[BlackElo "2285"]
[EventDate "2017.11.13"]
[PlyCount "153"]

1.Nf3 c5 2.c4 Nc6 3.Nc3 g6 4.g3 Bg7 5.Bg2 d6 6.O-O e5 7.d3 Nge7 8.e4 O-O 
9.Nh4 Nd4 10.f4 exf4 11.Bxf4 Nec6 12.Qd2 Be6 13.Rae1 Ne5 14.Bxe5 Bxe5 15.
Nd5 Rb8 16.Nf3 Bg7 17.Nxd4 Bxd4+ 18.Kh1 b5 19.cxb5 Bxd5 20.exd5 Rxb5 21.b3
Rb7 22.Re2 Re8 23.Rfe1 Rbe7 24.Bf3 Kg7 25.Kg2 Rxe2+ 26.Rxe2 Rxe2+ 27.Qxe2 
Qa5 28.Bg4 h5 29.Bf3 Qc3 30.Kf1 Kf6 31.Kg2 Qa1 32.Be4 Bb2 33.Qf1+ Qxf1+ 
34.Kxf1 Ke5 35.Ke2 Kd4 36.h3 Bc1 37.Bg2 Kc3 38.Bf3 Bh6 39.Bg2 Bg7 40.Bf3 
Be5 41.g4 h4 42.Ke3 Kb2 43.Kd2 Bf4+ 44.Kd1 Kc3 45.Ke2 Kd4 46.Bg2 Ke5 47.
Kf2 Bc1 48.Kf3 Kxd5 49.g5 Ke5 50.Kg4 Ba3 51.Bc6 Bc1 52.Be8 f6 53.gxf6 Kxf6
54.Kxh4 g5+ 55.Kg4 Ke5 56.Kf3 Kd4 57.Ke2 Kc3 58.Kd1 Bf4 59.Bb5 Kb2 60.Ba6 
Kxa2 61.Kc2 Be5 62.Bb5 Ka3 63.Bc4 Kb4 64.Bf7 Kb5 65.Bd5 Kb6 66.Bf3 Kc7 67.
Be4 Kd7 68.Bd5 Ke7 69.Bf3 Ke6 70.Bg4+ Kd5 71.Bd7 Kd4 72.Be6 a5 73.Bf7 d5 
74.Be8 c4 75.dxc4 dxc4 76.bxc4 Kxc4 77.Kb1 1/2-1/2

[Event "56th World U20 ch"]
[Site "Tarvisio ITA"]
[Date "2017.11.25"]
[Round "11.59"]
[White "Tasdogen, Dincer"]
[Black "Willathgamuwa, Rowan"]
[Result "1-0"]
[WhiteElo "2235"]
[BlackElo "1907"]
[EventDate "2017.11.13"]
[PlyCount "97"]

1.e4 c5 2.Nf3 d6 3.c3 Nf6 4.h3 Nc6 5.Bd3 g6 6.Bc2 Bg7 7.O-O O-O 8.d4 cxd4 
9.cxd4 Nb4 10.Bb3 d5 11.e5 Ne4 12.Nc3 Nxc3 13.bxc3 Nc6 14.Bc2 Na5 15.Bg5 
Qc7 16.Re1 b6 17.Qd2 Nc4 18.Qf4 f6 19.exf6 Qxf4 20.Bxf4 Bxf6 21.Bh6 Rd8 
22.g4 e6 23.Bg5 Rf8 24.Kg2 Bd7 25.Bb3 Nd6 26.Re3 Rac8 27.Rae1 Ne4 28.Bxf6 
Rxf6 29.Ne5 Be8 30.f3 Nd6 31.g5 Rf5 32.Ng4 Bf7 33.h4 Nc4 34.Nh6+ Kg7 35.
Nxf5+ gxf5 36.Bxc4 Rxc4 37.Kg3 Rc6 38.Kf4 Kf8 39.h5 Kg7 40.g6 hxg6 41.hxg6
Kxg6 42.Ke5 Be8 43.Rg1+ Kf7 44.f4 Ke7 45.Rg7+ Bf7 46.Rh3 Rc8 47.Rhh7 Rf8 
48.Rh6 Re8 49.Rxe6+ 1-0

[Event "56th World U20 ch"]
[Site "Tarvisio ITA"]
[Date "2017.11.25"]
[Round "11.60"]
[White "Song Yuxin"]
[Black "Peng Hongchi"]
[Result "1/2-1/2"]
[WhiteElo "1951"]
[BlackElo "2223"]
[EventDate "2017.11.13"]
[PlyCount "149"]

1.e4 c5 2.Nf3 e6 3.d4 cxd4 4.Nxd4 Nc6 5.Nb5 d6 6.c4 a6 7.N5a3 Nf6 8.Nc3 
Be7 9.Be2 O-O 10.Be3 d5 11.exd5 exd5 12.cxd5 Nb4 13.Bf3 Bf5 14.O-O Nd3 15.
Nc4 Rc8 16.Nb6 Rc7 17.Qb3 Bg4 18.Rfd1 Nc5 19.Bxc5 Bxc5 20.Nca4 Bd6 21.Qd3 
Re8 22.Re1 Rce7 23.Red1 Bc7 24.d6 Bxd6 25.Nd5 Nxd5 26.Bxg4 Qa5 27.Nc3 Nxc3
28.Qxc3 Qb6 29.g3 Be5 30.Qb3 Qxb3 31.axb3 Bxb2 32.Rab1 Bc3 33.Rbc1 Be5 34.
Rd7 g6 35.Rc8 Rxc8 36.Rxe7 Rc1+ 37.Kg2 Bd4 38.Rd7 Bc5 39.b4 Bxb4 40.Rxb7 
Bc5 41.Rb2 a5 42.Bd7 Kf8 43.Re2 Rc4 44.Ra2 Ke7 45.Bb5 Rb4 46.Bc6 Bb6 47.
Bd5 f5 48.Re2+ Kf8 49.Bc6 Bd4 50.Ra2 Rb2 51.Rxb2 Bxb2 52.f4 Ke7 53.Ba4 Bd4
54.Bb3 h6 55.Kf3 Kf6 56.h3 h5 57.g4 fxg4+ 58.hxg4 h4 59.g5+ Kg7 60.Bc2 Bg1
61.Kg4 Bf2 62.Bb3 Kf8 63.Bc2 Kf7 64.Bb3+ Kg7 65.Bc2 Be1 66.Bb3 Bd2 67.Kxh4
Bxf4 68.Kg4 Bd6 69.Bc2 Be7 70.Bb3 Ba3 71.Ba4 Bc1 72.Bb3 Kf8 73.Bc2 Kf7 74.
Bb3+ Ke7 75.Bc2 1/2-1/2

[Event "56th World U20 ch"]
[Site "Tarvisio ITA"]
[Date "2017.11.25"]
[Round "11.61"]
[White "Piyumantha, M. Sasith Nipun"]
[Black "Tuomainen, Felix"]
[Result "1/2-1/2"]
[WhiteElo "2032"]
[BlackElo "2214"]
[EventDate "2017.11.13"]
[PlyCount "61"]

1.d4 Nf6 2.c4 e6 3.Nf3 d5 4.g3 Be7 5.Bg2 O-O 6.O-O c6 7.Qc2 Nbd7 8.Nbd2 b5
9.cxb5 cxb5 10.Qc6 Rb8 11.Nb3 a6 12.Bf4 Bb7 13.Qc7 Qxc7 14.Bxc7 Rbc8 15.
Rac1 Ne8 16.Bf4 Nef6 17.Ne5 Nxe5 18.Bxe5 Rxc1 19.Rxc1 Rc8 20.Rxc8+ Bxc8 
21.f3 Nd7 22.Bc7 Kf8 23.Kf2 Ke8 24.e4 Bb7 25.e5 Nf8 26.Ke3 Kd7 27.Ba5 Kc6 
28.a3 Nd7 29.Bb4 Bxb4 30.axb4 Nb6 31.Na5+ 1/2-1/2

[Event "56th World U20 ch"]
[Site "Tarvisio ITA"]
[Date "2017.11.25"]
[Round "11.62"]
[White "Sukovic, Andrej"]
[Black "Chinguun, Bayaraa"]
[Result "1-0"]
[WhiteElo "2306"]
[BlackElo "1820"]
[EventDate "2017.11.13"]
[PlyCount "113"]

1.e4 c5 2.Nf3 d6 3.d4 cxd4 4.Nxd4 Nf6 5.Nc3 a6 6.Be2 e5 7.Nb3 Be7 8.Be3 
Be6 9.O-O O-O 10.Qd3 Nbd7 11.Nd5 Bxd5 12.exd5 b5 13.a4 b4 14.a5 Qc7 15.Ra4
Rfc8 16.Rc1 Nc5 17.Nxc5 dxc5 18.b3 Rd8 19.Bf3 Bd6 20.h3 Qe7 21.Bg5 h6 22.
Bxf6 Qxf6 23.g3 Qg5 24.Raa1 f5 25.Bg2 e4 26.Qe2 Be5 27.Rab1 Rd6 28.Rd1 Rf8
29.f4 Qxg3 30.fxe5 Qxe5 31.Qe3 Rg6 32.Kh1 Rg3 33.Qe2 f4 34.Qxe4 Qg5 35.Rd3
f3 36.Qe6+ Kh8 37.Rxf3 Rfxf3 38.Bxf3 Rxf3 39.Qe8+ Kh7 40.Qe4+ Rf5 41.Rf1 
g6 42.Rxf5 gxf5 43.Qd3 Qc1+ 44.Kg2 Qg5+ 45.Kf1 Qf4+ 46.Ke2 Qe5+ 47.Kf3 Qd6
48.Qxf5+ Kg8 49.Ke4 Qd8 50.Qe5 Kf7 51.Qe6+ Kg7 52.d6 Qa8+ 53.Ke5 Qh1 54.d7
Qe1+ 55.Kd6 Qd2+ 56.Kc7 Qf4+ 57.Kc8 1-0

[Event "56th World U20 ch"]
[Site "Tarvisio ITA"]
[Date "2017.11.25"]
[Round "11.63"]
[White "Fuentes Parra, Victor Ignacio"]
[Black "Favaloro, Andrea"]
[Result "0-1"]
[WhiteElo "2087"]
[BlackElo "2260"]
[EventDate "2017.11.13"]
[PlyCount "83"]

1.Nf3 c5 2.b3 d6 3.Bb2 e5 4.e4 Nf6 5.Bb5+ Nc6 6.Qe2 g6 7.O-O Bg7 8.c3 O-O 
9.d4 exd4 10.cxd4 Re8 11.Nbd2 Nh5 12.Rfe1 cxd4 13.Qd1 Nf4 14.Nf1 Bg4 15.h3
Nxh3+ 16.gxh3 Bxf3 17.Qxf3 Qg5+ 18.Qg3 Qxb5 19.a3 d5 20.exd5 Qxd5 21.Rxe8+
Rxe8 22.Rd1 h5 23.Nd2 Re5 24.h4 Bh6 25.Nc4 Re4 26.f3 Re2 27.Kf1 Re6 28.Rd3
b5 29.Nd2 Qf5 30.f4 Qxf4+ 31.Qf3 Ne5 32.Rxd4 Rf6 33.Ne4 Nxf3 34.Rd8+ Kg7 
35.Bxf6+ Qxf6 36.Nxf6 Kxf6 37.Ra8 Nd2+ 38.Kf2 Ke5 39.Ke2 Nxb3 40.Rxa7 Ke6 
41.Rb7 Nd4+ 42.Kd3 {... 62 moves} 0-1

[Event "56th World U20 ch"]
[Site "Tarvisio ITA"]
[Date "2017.11.25"]
[Round "11.64"]
[White "Sezdbekov, Ruslan"]
[Black "Li, Henry"]
[Result "1-0"]
[WhiteElo "2188"]
[BlackElo "2168"]
[EventDate "2017.11.13"]
[PlyCount "95"]

1.e4 e5 2.Nf3 Nc6 3.d4 exd4 4.Nxd4 Nf6 5.Nc3 Bb4 6.Nxc6 bxc6 7.Bd3 d5 8.
exd5 O-O 9.O-O cxd5 10.Bg5 c6 11.Qf3 h6 12.Bf4 Bd6 13.h3 Rb8 14.b3 Bb7 15.
Rad1 Re8 16.Rfe1 Rxe1+ 17.Rxe1 Bb4 18.Be5 Qe7 19.Re2 Bd6 20.Bd4 Qd8 21.Qf5
Qd7 22.Qf3 Qd8 23.Na4 Nd7 24.Qg4 Qg5 25.Qxg5 hxg5 26.Bxa7 Ra8 27.Be3 f6 
28.Bf5 Ne5 29.Bc5 Bc7 30.g3 Ba5 31.f4 Ba6 32.Re3 gxf4 33.gxf4 Bd2 34.fxe5 
Bxe3+ 35.Bxe3 fxe5 36.Bc5 Kf7 37.Nb6 Rh8 38.Nd7 Re8 39.Kf2 Bc8 40.Nxe5+ 
Kf6 41.Bxc8 Rxc8 42.Nd7+ Kf5 43.Nb6 Rh8 44.Kg3 Ke4 45.a4 Rh6 46.a5 Rf6 47.
a6 Rf3+ 48.Kg2 1-0

[Event "56th World U20 ch"]
[Site "Tarvisio ITA"]
[Date "2017.11.25"]
[Round "11.65"]
[White "Pangilinan, Stephen Rome"]
[Black "Lin Zhaochen"]
[Result "1/2-1/2"]
[WhiteElo "2183"]
[BlackElo "1852"]
[EventDate "2017.11.13"]
[PlyCount "66"]

1.c4 e6 2.b3 d5 3.Bb2 Nf6 4.Nf3 Be7 5.e3 O-O 6.Be2 b6 7.O-O Bb7 8.d3 c5 9.
Nbd2 Nc6 10.a3 a5 11.cxd5 Nxd5 12.Ne4 Qc7 13.Rc1 Rfd8 14.Qc2 h6 15.Rfd1 
Rac8 16.Qb1 Bf8 17.Qa1 Qe7 18.Ng3 a4 19.bxa4 Na5 20.Qa2 Bc6 21.Rd2 Bxa4 
22.Bd1 Qe8 23.Ba1 Bxd1 24.Rdxd1 Qa4 25.Ne5 b5 26.Qe2 Qxa3 27.Qf3 Rc7 28.
Nh5 Nb3 29.Rb1 Nxa1 30.Rxa1 Qb2 31.Qg3 Kh7 32.Rdb1 Qc3 33.Rc1 Qb2 1/2-1/2

[Event "56th World U20 ch"]
[Site "Tarvisio ITA"]
[Date "2017.11.25"]
[Round "11.66"]
[White "Pavic, Filip"]
[Black "Willathgamuwa, Kevin"]
[Result "1/2-1/2"]
[WhiteElo "2228"]
[BlackElo "1996"]
[EventDate "2017.11.13"]
[PlyCount "92"]

1.e4 c5 2.Nc3 Nc6 3.f4 g6 4.Nf3 Bg7 5.Bb5 Nd4 6.O-O e6 7.e5 a6 8.Bd3 Nxf3+
9.Qxf3 d5 10.exd6 Qxd6 11.b3 Nf6 12.Bb2 O-O 13.Rae1 Qc7 14.Nd1 Bd7 15.Be5 
Qb6 16.Ne3 Bc6 17.Qh3 Qd8 18.f5 Re8 19.fxg6 hxg6 20.Nc4 Nh5 21.Bxg7 Kxg7 
22.Rxf7+ Kxf7 23.Ne5+ Kg7 24.Bxg6 Nf6 25.Bxe8 Qd4+ 26.Re3 Qa1+ 27.Kf2 Rxe8
28.Qg3+ Kf8 29.Qg6 Ke7 30.Qf7+ Kd8 31.Qxf6+ Kc8 32.c3 Qxa2 33.Re2 Qxb3 34.
Nxc6 bxc6 35.Qf7 Kd8 36.h4 Qd5 37.g4 Qd6 38.Qh5 Qh2+ 39.Ke3 Qg3+ 40.Ke4 
Rf8 41.Qg5+ Kc8 42.Re3 Qg2+ 43.Kd3 Rd8+ 44.Kc4 Qxd2 45.Qxc5 Qa2+ 46.Kb4 
Qb2+ 1/2-1/2

[Event "56th World U20 ch"]
[Site "Tarvisio ITA"]
[Date "2017.11.25"]
[Round "11.67"]
[White "Cappelletto, Joshuaede"]
[Black "Bezuidenhout, Roland"]
[Result "0-1"]
[WhiteElo "1920"]
[BlackElo "2118"]
[EventDate "2017.11.13"]
[PlyCount "70"]

1.e4 d6 2.d4 Nf6 3.Nc3 e5 4.Nf3 Nbd7 5.Bc4 Be7 6.Bxf7+ Kxf7 7.Ng5+ Kg8 8.
Ne6 Qe8 9.Nxc7 Qg6 10.Nxa8 Qxg2 11.Rf1 exd4 12.Qxd4 Ne5 13.f3 Bh3 14.Qf2 
Qxf1+ 15.Qxf1 Bxf1 16.Kxf1 Nxf3 17.Kg2 Ne1+ 18.Kh3 Nxc2 19.Rb1 h6 20.Nc7 
g5 21.Bd2 Nd4 22.N7d5 Kf7 23.Rc1 g4+ 24.Kg3 Nf3 25.Be3 h5 26.Bxa7 h4+ 27.
Kg2 h3+ 28.Kg3 Rg8 29.Nxe7 Nh5+ 30.Kf2 Kxe7 31.Rh1 Nxh2 32.Ne2 Nf3 33.a3 
Ne5 34.Bd4 g3+ 35.Nxg3 Nd3+ 0-1

[Event "56th World U20 ch"]
[Site "Tarvisio ITA"]
[Date "2017.11.25"]
[Round "11.68"]
[White "Zenari, Marco"]
[Black "Lumachi, Gabriele"]
[Result "1-0"]
[WhiteElo "1997"]
[BlackElo "2111"]
[EventDate "2017.11.13"]
[PlyCount "60"]

1.e4 c6 2.d4 d5 3.e5 c5 4.dxc5 Nc6 5.a3 e6 6.Nf3 Bxc5 7.b4 Bb6 8.Bb2 Nge7 
9.Bd3 O-O 10.Qe2 f6 11.O-O Bc7 12.c4 Qe8 13.exf6 gxf6 14.cxd5 Nxd5 15.g3 
Qf7 16.Nc3 Nxc3 17.Bxc3 e5 18.Bc4 Be6 19.Bxe6 Qxe6 20.b5 Ne7 21.Bb4 Rfd8 
22.Bxe7 Qxe7 23.Rfd1 Rxd1+ $11 24.Rxd1 Rd8 25.Rxd8+ Bxd8 26.Qc4+ Qf7 27.
Qxf7+ Kxf7 28.a4 Bb6 29.Nh4 Bd4 30.Kg2 Ke6 {... 45 moves} 1-0

[Event "56th World U20 ch"]
[Site "Tarvisio ITA"]
[Date "2017.11.25"]
[Round "11.70"]
[White "Araya Pozo, Francisco Javier"]
[Black "Tarini, Goyal"]
[Result "0-1"]
[WhiteElo "1416"]
[BlackElo "2062"]
[EventDate "2017.11.13"]
[PlyCount "114"]

1.d4 Nf6 2.c4 e6 3.Nf3 d5 4.Nc3 Be7 5.Bf4 O-O 6.e3 Nbd7 7.Be2 c5 8.dxc5 
Nxc5 9.O-O a6 10.cxd5 exd5 11.Rc1 Be6 12.h3 Qb6 13.b3 Rac8 14.Nd4 Nce4 15.
Nxe4 dxe4 16.Nxe6 Qxe6 17.Bc4 Qf5 18.Be2 Qa5 19.a4 Qb4 20.Rc4 Rxc4 21.Bxc4
b5 22.axb5 axb5 23.Be2 Rc8 24.Be5 Rd8 25.Bd4 Nd5 26.Qc2 h6 27.Qxe4 Nc3 28.
Qd3 Nxe2+ 29.Qxe2 Qxb3 30.Qg4 Bf8 31.Qe4 Qd5 32.Qc2 b4 33.Rb1 Ra8 34.Qb3 
Qxb3 35.Rxb3 f6 36.Kf1 Ra2 37.Rb2 Rxb2 38.Bxb2 Kf7 39.Ke2 Ke6 40.Kd3 Kd5 
41.Bd4 Bc5 42.Bb2 Bd6 43.Bd4 Be5 44.Ba7 f5 45.f3 b3 46.e4+ fxe4+ 47.fxe4+ 
Kc6 48.Be3 Kb5 49.g4 Kb4 50.g5 hxg5 51.Bxg5 Ka3 52.Bc1+ Ka2 53.Kc4 Bf4 54.
Bxf4 b2 55.Kd5 b1=Q 56.Be5 Qd3+ 57.Bd4 Qxh3 0-1

[Event "56th World U20 ch"]
[Site "Tarvisio ITA"]
[Date "2017.11.25"]
[Round "11.71"]
[White "Gomez Barrera, Gonzalo Andres"]
[Black "Chan Sheng Liang, Bernard"]
[Result "0-1"]
[WhiteElo "1741"]
[BlackElo "1698"]
[EventDate "2017.11.13"]
[PlyCount "106"]

1.e4 g6 2.d4 Bg7 3.Nf3 d6 4.Nc3 a6 5.Be2 b5 6.O-O Bb7 7.e5 e6 8.Bg5 Ne7 9.
a4 b4 10.Nb1 Nd7 11.exd6 cxd6 12.Qd2 a5 13.c4 Nf6 14.Bxf6 Bxf6 15.Qd3 O-O 
16.Nbd2 d5 17.b3 Nf5 18.Rfd1 Qb6 19.c5 Qc7 20.Nf1 Ba6 21.Qd2 Nxd4 22.Nxd4 
Bxd4 23.Qxd4 Bxe2 24.Re1 Bxf1 25.Rxf1 Rfd8 26.Rfe1 Ra6 27.Rac1 Rc6 28.f4 
Rc8 29.f5 Rxc5 30.Rxc5 Qxc5 31.Qxc5 Rxc5 32.fxe6 fxe6 33.Rxe6 Kf7 34.Ra6 
Rc3 35.Rxa5 Ke6 36.Rb5 Rxb3 37.a5 Ra3 38.Rxb4 Rxa5 39.Kf2 Ke5 40.Rb7 Ke4 
41.Re7+ Kd3 42.Rxh7 d4 43.Rg7 Ra6 44.Rf7 Kd2 45.g4 d3 46.g5 Kc2 47.Rc7+ 
Kd1 48.Rd7 d2 49.Rf7 Ra2 50.Rc7 Rc2 51.Ra7 Rc5 52.Ke3 Ke1 53.Kd4 Rxg5 0-1

[Event "56th World U20 ch"]
[Site "Tarvisio ITA"]
[Date "2017.11.25"]
[Round "11.72"]
[White "Terryn, Ezra"]
[Black "Sesar, Ivan"]
[Result "1-0"]
[WhiteElo "1987"]
[BlackElo "2207"]
[EventDate "2017.11.13"]
[PlyCount "53"]

1.e4 c5 2.d4 cxd4 3.c3 dxc3 4.Nxc3 Nc6 5.Nf3 g6 6.Bc4 Bg7 7.e5 Nh6 8.O-O 
O-O 9.Bf4 d6 10.exd6 exd6 11.Bxd6 Re8 12.Nb5 Be6 13.Rc1 Rc8 14.Bf4 Qxd1 
15.Rfxd1 Bxc4 16.Rxc4 Re2 17.Nxa7 Ra8 18.Nxc6 bxc6 19.Rxc6 Rxb2 20.Rdc1 f5
21.Rc8+ Rxc8 22.Rxc8+ Kf7 23.h3 Rxa2 24.Ng5+ Kf6 25.Rc6+ Ke7 26.Rc7+ Kf8 
27.Ne6+ 1-0

[Event "56th World U20 ch"]
[Site "Tarvisio ITA"]
[Date "2017.11.25"]
[Round "11.73"]
[White "Vangsgard, Bjarke"]
[Black "Posocco, Dennis"]
[Result "1-0"]
[WhiteElo "1987"]
[BlackElo "1564"]
[EventDate "2017.11.13"]
[PlyCount "57"]

1.d4 d5 2.Bf4 Nf6 3.e3 c6 4.c4 e6 5.Nc3 Nbd7 6.Nf3 Be7 7.h3 O-O 8.cxd5 
exd5 9.Be2 Ne4 10.Nxe4 dxe4 11.Nd2 f5 12.O-O Bg5 13.Bh2 Kh8 14.Rc1 Nf6 15.
Nc4 Nd5 16.Bd6 Rf6 17.Be5 Rh6 18.Qb3 f4 19.Rc2 f3 20.gxf3 Rxh3 21.Nd6 Be6 
22.fxe4 Bxe3 23.Bg4 Qg5 24.fxe3 Qxg4+ 25.Rg2 Qxe4 26.Bxg7+ Kg8 27.Nxe4 Nf4
28.Nf6+ Kf7 29.Qxb7+ 1-0